01687nam a22002297a 450000500170000000800410001702000180005804000070007604100120008308200210009510000240011624500440014026000540018430000260023836500600026452008750032465000190119970000330121894200120125199900190126395201750128220260129145919.0221121b ||||| |||| 00| 0 eng d a9780670096183 cAL aEnglish 223a820.33bVAST aVasudhendra9253164 aTejo Tungabhadrab: Tributaries of Time aHaryanabPenguin Random House India Pvt Ltdc2022 a453 p.bHBc22x14 cm. aBLCR-000104b₹559.00c₹d₹699.00e20%f10/11/2022 aTejo Tungabhadra tells the story of two rivers on different continents whose souls are bound together by history. On the banks of the river Tejo in Lisbon, Bella, a young Jewish refugee, and her family face daily threats to their lives and dignity from the deeply antisemitic society around them. Gabriel, her lover, sails to India with General Albuquerque’s fleet seeking wealth and a secure future for themselves. Meanwhile, on the banks of the Tungabhadra in the Vijayanagara Empire, the young couple Hampamma and Keshava find themselves caught in the storm of religious violence and the cruel rigmarole of tradition. The two stories converge in Goa with all the thunder and gush of meeting rivers. Set in the late 15th and early 16th century, Tejo Tungabhadra is a grand saga of love, ambition, greed, and a deep zest for life through the tossing waves of history. aFiction962902 aKarnoor, Maithreyi Tr962904 2ddccBK c225240d225240 00102ddc40708GENaALbALd2022-11-15eNavakarnataka Publications Pvt Ltd Mangaluru 575001g559.00l0o820.33 VASTp076221r2022-11-21 00:00:00v699.00w2022-10-11yBK